01316nam a2200397 a 450000100060000000300080000600500170001400600190003100700150005000800410006502000180010603500230012403500240014703500250017103500220019604000260021805000220024408000210026608200120028710000230029924500810032226000450040330000110044844000310045953301640049065000270065465000260068165000230070765000160073065300240074665300230077065500270079371000190082085600620083999900170090155763FlNmELB20241216232804.0m o d | cr cn|||||||||201101r2008 sp |||||s|||||||||||spa d z9788496797130 a(MiAaPQ)EBC3192219 a(Au-PeEL)EBL3192219 a(CaPaEBR)ebr10436726 a(OCoLC)1010696691 aFlNmELBbspacFlNmELB 4aPQ6172bL925 2008 a821.134.2-82"19"04a8602221 aLópez, Xaquín.14aLas fronteras se cruzan de nocheh[recurso electronico] /cXaquín López. aTres Cantos, Madrid :bFoca,cD.L. 2008. a240 p. 0aFoca investigación ;v91 aRecurso electrónico. Santa Fe, Arg.: e-libro, 2015. Disponible vía World Wide Web. El acceso puede estar limitado para las bibliotecas afiliadas a e-libro. 0aRelato periodístico. 0aTráfico de niños. 0aChild trafficking. 0aLiterature. aRelato periodistico aTrafico de niños 4aLibros electrónicos.2 ae-libro, Corp.40uhttps://elibro.net/ereader/politecnicointernacional/60372 c55763d55763